Constitution of India (Record no. 133258)

MARC details
000 -LEADER
fixed length control field 00868nam a2200265Ia 4500
003 - CONTROL NUMBER IDENTIFIER
control field OSt
005 - DATE AND TIME OF LATEST TRANSACTION
control field 20220918170242.0
008 - FIXED-LENGTH DATA ELEMENTS--GENERAL INFORMATION
fixed length control field 220917b |||||||| |||| 00| 0 eng d
020 ## - INTERNATIONAL STANDARD BOOK NUMBER
International Standard Book Number 978 93 87146 55 6 (pbk)
037 ## - SOURCE OF ACQUISITION
Terms of availability Textual
040 ## - CATALOGING SOURCE
Original cataloging agency ARTS
Transcribing agency ARTS
Language of cataloging eng
041 ## - LANGUAGE CODE
Source of code eng
Language code of text/sound track or separate title eng
100 ## - MAIN ENTRY--PERSONAL NAME
Personal name Thiruvengadam Arun K Au.
9 (RLIN) 27901
245 #0 - TITLE STATEMENT
Title Constitution of India
Remainder of title contextual analysis
260 ## - PUBLICATION, DISTRIBUTION, ETC.
Place of publication, distribution, etc. Delhi
Name of publisher, distributor, etc. Bllomsbury India
Date of publication, distribution, etc. 2018
300 ## - PHYSICAL DESCRIPTION
Extent xxiii,265p.
Dimensions cm.
490 ## - SERIES STATEMENT
Series statement Constitutional systems of the world
650 ## - SUBJECT ADDED ENTRY--TOPICAL TERM
Topical term or geographic name entry element CONSTITUTIONS - INDIA
9 (RLIN) 27902
942 ## - ADDED ENTRY ELEMENTS (KOHA)
Classification part V2:2, Q8
Koha item type Textual
Source of classification or shelving scheme Colon Classification (CC)
Holdings
Withdrawn status Lost status Damaged status Not for loan Home library Current library Date acquired Source of acquisition Total Checkouts Full call number Barcode Date last seen Date last checked out Price effective from Koha item type
        Arts Library Arts Library 2022-09-18 57596, 18/03/2019, Segment Book Distributors 1 V2:2 Q8 AL1663946 2026-04-09 2026-03-11 2022-09-18 Textual
Copyright @ Delhi University Library System